Loading...
| Literature - American | 0 | 6 | 0 | 0 | 60 | 27 | 52.17 | 1 | 3 | 0.00 | 0.00 |
| Literature - British | 0 | 5 | 0 | 1 | 50 | 54 | 81.00 | 4 | 4 | 0.00 | 0.00 |
| Literature - European | 0 | 5 | 0 | 0 | 50 | 37 | 60.60 | 2 | 5 | 0.00 | 0.00 |
| Philosophy | 0 | 4 | 0 | 2 | 40 | 35 | 83.25 | 1 | 2 | 0.00 | 0.00 |
| Literature - World | 0 | 3 | 0 | 1 | 30 | 79 | 107.67 | 0 | 0 | 0.00 | 0.00 |
| Social Science | 0 | 2 | 0 | 0 | 20 | 31 | 40.00 | 0 | 1 | 0.00 | 0.00 |
| Mythology | 0 | 2 | 0 | 1 | 20 | 60 | 85.00 | 0 | 0 | 0.00 | 0.00 |
| Science - Chemistry | 0 | 2 | 1 | 0 | 15 | 22 | 28.00 | 1 | 2 | 0.00 | 0.00 |
| History - Other | 0 | 1 | 0 | 1 | 10 | 99 | 99.00 | 1 | 1 | 0.00 | 0.00 |
| Science - Physics | 0 | 1 | 0 | 1 | 10 | 92 | 92.00 | 0 | 0 | 0.00 | 0.00 |
| Fine Arts - Other | 0 | 0 | 1 | 0 | -5 | 0.00 | 0 | 0 | 0.00 | 0.00 |